000 01063nas a2200325 4500
001 BR2019001596
003 BR-BrBNA
005 20231205131936.0
007 ta
008 230509b bl.|||p| |||| 00| 00por d
040 _aBR-BrBNA
_bpor
_cBiblioteca Nacional de Agricultura
041 _a(En)
072 _aQ04
100 1 _aSiqueira, A. de M.O.
100 1 _aMoreira, A.C.C.G.
100 1 _aMelo, E. de A.
100 1 _aStamford, T.C.M.
100 1 _aStamford, T.L.M.
245 1 _aDietary fibre content, phenolic compounds and antioxidant activity in soursops (Annona muricata L.)
650 _aGRAVIOLA
650 _aFRUTA TROPICAL
650 _aCOMPOSIÇÃO QUÍMICA
650 _aCOMPOSTO FENÓLICO
650 _aANTIOXIDANTE
650 _aVALOR NUTRITIVO
773 0 _tRevista Brasileira de Fruticultura (Brazil)
_xISSN 1806-9967
_g(Oct-Dec 2015), v. 37(4) p. 1020-1026
_wBR2019001596
856 4 0 _uhttp://www.scielo.br/pdf/rbf/v37n4/0100-2945-rbf-37-4-1020.pdf
909 _a202311
_bLúcia
_c55
_dLúcia Elande
942 _2AGRIS
_n0
_cANA
999 _c257607
_d257607